|
|
|
|
| LEADER |
01645nam a22003137a 4500 |
| 001 |
40798 |
| 003 |
BD-DhAAL |
| 005 |
20230207154805.0 |
| 008 |
230207t20192018bg ||||| |||| 00| 0 ben d |
| 020 |
|
|
|a 9789849333111
|
| 040 |
|
|
|a BD-DhAAL
|c BD-DhAAL
|
| 041 |
|
|
|a ben
|
| 082 |
|
|
|a 891.44
|2 23
|
| 100 |
|
|
|a শহিদুল্লাহ, রুদ্র মুহম্মদ
|9 10939
|
| 245 |
|
|
|a রুদ্রসমগ্র /
|c রুদ্র মুহম্মদ শহিদুল্লাহ; ভূমিকা মুহম্মদ নূরুল হুদা; সম্পাদনা হিমেল বরকত
|
| 246 |
|
|
|a Ruddro shomoggro
|
| 260 |
|
|
|a ঢাকা :
|b মাওলা ব্রাদার্স,
|c ২০১৮ [দ্বিতীয় মুদ্রণ ২০১৯]
|
| 300 |
|
|
|a ৯৬৮ পৃষ্ঠা ;
|c ২৩ সে.মি.
|
| 526 |
|
|
|a GenEd (Residential Campus)
|
| 541 |
|
|
|a Development Book Agency
|e 40798, 40790
|
| 650 |
|
|
|a Bengali literature.
|
| 650 |
|
|
|a Bengali poetry.
|
| 700 |
|
|
|a হুদা, মুহম্মদ নূরুল
|
| 700 |
|
|
|a বরকত, হিমেল
|
| 852 |
|
|
|a Ayesha Abed Library
|c General Stacks
|
| 942 |
|
|
|2 ddc
|c BK
|
| 999 |
|
|
|c 45481
|d 45481
|
| 952 |
|
|
|0 0
|1 0
|2 ddc
|4 0
|6 891_440000000000000_SHA
|7 0
|9 73128
|a SCL
|b SCL
|c GEN
|d 2023-02-07
|e Development Book Agency
|g 704.00
|l 3
|m 11
|o 891.44 SHA
|p 3020040799
|r 2024-12-24
|s 2024-11-10
|t 2
|v 704.00
|w 2023-02-07
|y BK
|
| 952 |
|
|
|0 0
|1 0
|2 ddc
|4 0
|6 891_440000000000000_SHA
|7 0
|9 73129
|a SCL
|b SCL
|c GEN
|d 2023-02-07
|e Development Book Agency
|g 704.00
|l 3
|m 2
|o 891.44 SHA
|p 3020040798
|r 2025-05-11
|s 2025-05-06
|t 1
|v 704.00
|w 2023-02-07
|y BK
|